LEADER 01703nam 2200469I 450 001 9910703876903321 005 20151015132831.0 035 $a(CKB)5470000002434960 035 $a(OCoLC)924816647 035 $a(EXLCZ)995470000002434960 100 $a20151015j201503 ua 0 101 0 $aeng 135 $aurcn||||||||| 181 $ctxt$2rdacontent 182 $cc$2rdamedia 183 $acr$2rdacarrier 200 10$aStress corrosion evaluation of various metallic materials for the International Space Station water recycling system /$fP.D. Torres 210 1$aHuntsville, Alabama :$cNational Aeronautics and Space Administration, Marshall Space Flight Center,$dMarch 2015. 215 $a1 online resource (x, 51 pages) $ccolor illustrations 225 1 $aNASA/TM ;$v2015-218206 300 $aTitle from title screen (viewed on Oct. 15, 2015). 300 $a"March 2015." 320 $aIncludes bibliographical references (page 51). 606 $aStress corrosion$2nasat 606 $aLife support systems$2nasat 606 $aRecycling$2nasat 606 $aPretreatment$2nasat 606 $aUrine$2nasat 615 7$aStress corrosion. 615 7$aLife support systems. 615 7$aRecycling. 615 7$aPretreatment. 615 7$aUrine. 700 $aTorres$b P. D.$01409832 712 02$aGeorge C. Marshall Space Flight Center, 712 02$aUnited States.$bNational Aeronautics and Space Administration, 801 0$bGPO 801 1$bGPO 906 $aBOOK 912 $a9910703876903321 996 $aStress corrosion evaluation of various metallic materials for the International Space Station water recycling system$93497277 997 $aUNINA LEADER 01073nam0 2200337 450 001 9910584000803321 005 20240312085621.0 010 $a9788833936956 100 $a20220725d2017----km y0itay50 ba 101 1 $aita$ceng 102 $aIT 105 $a 001yy 200 1 $aPentirsi di essere madri$estorie di donne che tornerebbero indietro$esociologia di un tabù$fOrna Donath$gcon la collaborazione di Margret Trebbe-Plath$gtraduzione di Sabrina Placidi 210 $aTorino$cBollati Boringhieri$d2017 215 $a205 p.$d20 cm 225 1 $aTascabili$v78 454 0$12001$aRegretting motherhood$91769600 610 0 $aMaternità 676 $a306.8743$v22$zita 700 1$aDonath,$bOrna$0791628 702 1$aTrebbe-Plath,$bMargret 702 1$aPlacidi,$bSabrina 801 0$aIT$bUNINA$gREICAT$2UNIMARC 901 $aBK 912 $a9910584000803321 952 $a306.8743 DON 1$b9277$fBFS 952 $aCollez 2561 (78)$b741/2024$fFSPBC 959 $aBFS 959 $aFSPBC 996 $aRegretting motherhood$91769600 997 $aUNINA